Statistics for JESC 2010

Click here to take the quiz!

General Stats

  • This quiz has been taken 4 times
  • The average score is 6 of 9

Answer Stats

QuestionAnswer% Correct
What country won?Armenia
100%
What was the name of the winning song?Mama
75%
True or False: Georgia got 4th place.True
75%
Who got last place?Ukraine
75%
Who represented Armenia?Vladimir Arzumanyan
75%
What was the margin between the winner and 2nd place?1 point
50%
Who hosted the 2010 contest?Belarus
50%
Who represented Belarus?Daniil Kozlov
50%
Who had their debut entry?Moldova
50%

Score Distribution

Percentile by Number Answered

Percent of People with Each Score

Your Score History

You have not taken this quiz